000 01283cam a2200325 i 4500
999 _c533786
_d533786
001 20714276
005 20260624144233.0
008 181022s2018 ii b b 000 0 eng
010 _a 2018315353
020 _a9789387925090
025 _aI-E-2018315353; 63-12
035 _a20714276
037 _bLibrary of Congress -- New Delhi Overseas Office
040 _aDLC
_beng
_erda
_cDLC
_dDLC
042 _alcode
_apcc
043 _aa-ce---
050 0 0 _aBQ4570.S7
_bS77 2018
082 _aAB43x548 Su77
100 1 _aSurendra Kumar, S. Y.,
_eauthor.
_961310
245 1 0 _aBallots, bullets and bhikkhus :
_bthe role of Buddhist Sangha in Sri Lankan politics and ethnic conflict /
_cS.Y. Surendra Kumar.
246 3 0 _aRole of Buddhist Sangha in Sri Lankan politics and ethnic conflict
260 _aNew Delhi
_bViva Books
_c2018
300 _axiv, 278 pages :
_bmap ;
_c24 cm
504 _aIncludes bibliographical references (pages 225-252).
650 0 _aBuddhist monks
_xPolitical activity
_zSri Lanka
_xHistory.
_961311
650 0 _aBuddhism and politics
_zSri Lanka
_xHistory.
_961312
650 0 _aEthnic conflict
_zSri Lanka.
_961313
906 _a7
_bcbc
_corigode
_d3
_encip
_f20
_gy-gencatlg